El tema de la fuerza de la sangre: antecedentes europeos, siglo de oro español, Juan de la Cuervo, Cervantes, Lope, Alarcón
Saved in:
| Hovedforfatter: | |
|---|---|
| Format: | Bog |
| Sprog: | spansk |
| Udgivet: |
Madrid
José Porrua Turanzas
1980
|
| Serier: | Studia Humanitatis
|
| Fag: | |
| Tags: |
Tilføj Tag
Ingen Tags, Vær først til at tagge denne postø!
|
MARC
| LEADER | 00000nam a2200000 a 4500 | ||
|---|---|---|---|
| 001 | UCX5843 | ||
| 003 | CL-VaPUC | ||
| 008 | 930121e19800000SP |||||||||||||||||spa|d | ||
| 082 | 0 | 4 | |a 809.2 |b CIA |2 21 |
| 100 | 0 | |a Ciavarelli, María Elisa |e author |9 322208 | |
| 245 | 1 | 3 | |a El tema de la fuerza de la sangre: antecedentes europeos, siglo de oro español, Juan de la Cuervo, Cervantes, Lope, Alarcón |
| 300 | |a 278 p | ||
| 942 | |c BK | ||
| 945 | |d 19930121 00:00:00 | ||
| 260 | |a Madrid |b José Porrua Turanzas |c 1980 | ||
| 650 | 0 | |a Teatro español |9 265077 | |
| 650 | 0 | |a Historia y crítica |9 257407 | |
| 650 | 7 | |a CRITICA TEATRAL |2 CL-VaPUC |9 321641 | |
| 650 | 7 | |a TEATRO GRIEGO |2 CL-VaPUC |9 322209 | |
| 583 | |a last modification |c 19930121 00:00:00 |k Rodrigo Vera | ||
| 490 | 0 | |a Studia Humanitatis | |
| 999 | |c 226001 |d 225999 | ||
| 952 | |0 0 |1 0 |4 0 |6 809_200000000000000_CIA_1980 |7 0 |8 A |9 224013 |a BIBEDU |b BIBEDU |d 2019-11-15 |i 292823K |o 809.2 CIA 1980 |p 292823K |r 2019-11-15 |w 2019-11-15 |y BK |k LIT | ||